书目信息 |
| 题名: |
医学微生物实验学
|
|
| 作者: | 张卓然 主编 | |
| 分册: | ||
| 出版信息: | 北京 科学出版社 1998 |
|
| 页数: | 229页 | |
| 开本: | 26cm | |
| 丛书名: | ||
| 单 册: | ||
| 中图分类: | R37-33 | |
| 科图分类: | 63.16057 | |
| 主题词: | 病原微生物-微生物学--实验--医学院校--教材 , 微生物学-病原微生物--实验--医学院校--教材 | |
| 电子资源: | ||
| ISBN: | 7-03-006540-9 | |
| 000 | 00778nam0 2200253 45 | |
| 001 | 2461340047 | |
| 005 | 20241101170245.06 | |
| 010 | @a7-03-006540-9@dCNY16.00 | |
| 100 | @a19990406d1998 em y0chiy0121 ea | |
| 101 | 0 | @achi |
| 102 | @aCN@b110000 | |
| 105 | @ay z 000yy | |
| 200 | 1 | @a医学微生物实验学@Ayi xue wei sheng wu shi yan xue@f张卓然主编 |
| 205 | @a2版 | |
| 210 | @a北京@c科学出版社@d1998@h2000 | |
| 215 | @a229页@d26cm | |
| 300 | @a高等医学院校教材 (供基础、临床、口腔、检验医学专业选用) | |
| 606 | @a病原微生物-微生物学@x实验@x医学院校@x教材 | |
| 606 | @a微生物学-病原微生物@x实验@x医学院校@x教材 | |
| 690 | @aR37-33@v4 | |
| 692 | @a63.16057@v2 | |
| 701 | 0 | @a张卓然@Azhang zhuo ran@4主编 |
| 801 | 0 | @aCN@bWHC@c20070730 |
| 905 | @a10447@dR37-33@e189:2 | |
| 医学微生物实验学/张卓然主编.-2版.-北京:科学出版社,1998(2000) |
| 229页;26cm |
| 高等医学院校教材 (供基础、临床、口腔、检验医学专业选用) |
| ISBN 7-03-006540-9:CNY16.00 |
| ● |
| 相关链接 |
|
|
|
|
正题名:医学微生物实验学
索取号:R37-33/189:2
 
预约/预借
| 序号 | 登录号 | 条形码 | 馆藏地/架位号 | 状态 | 备注 |